| 000 | 00553nam a22001697a 4500 | ||
|---|---|---|---|
| 020 | _qHard Cover. | ||
| 082 | _a621.3 | ||
| 100 | _aBilal, Muhammad | ||
| 245 | _aAutomatic Seizure Detection Using Multi-Resolution Dynamic Mode Decomposition | ||
| 260 |
_aIslamabad: _bSEECS - NUST, _c2018. |
||
| 300 |
_axii, 54 p. : ill. ; _c30cm. |
||
| 650 |
_aMs Thesis. _918721 |
||
| 700 |
_aDr. Sajid Salemm. _919617 |
||
| 856 | _uhttp://10.250.8.41:8080/xmlui/handle/123456789/5304 | ||
| 942 |
_2ddc _cTHE |
||
| 999 |
_c528077 _d528077 |
||